000 00321nam a2200133Ia 4500
005 20251222143121.0
008 251222s9999||||xx |||||||||||||| ||spa||
020 _a84-7151-155-X
082 _a818.57/L85V
100 _aLondon, Jack
245 0 _aEl Vagabundo de las Estrellas
264 _bPlaza & Janés
942 _cLIB
999 _c11543
_d11543